Public buildings act of 1979 : hearings before the Committee on Environment and Public Works, United States Senate, Ninety-sixth Congress, second session, on S. 2080 ... January 29 and February 1, 1980.

Bibliographic Details
Corporate Authors: United States. Congress. Senate. Committee on Environment and Public Works, ProQuest (Firm)
Format: Government Document eBook
Language:English
Published: Washington : U.S. Govt. Print. Off, 1980.
Series:U.S. Congressional Hearings.
Subjects:
Online Access:Connect to the full text of this electronic book

MARC

Tag First Indicator Second Indicator Subfields
LEADER 00000cam a22000001a 4500
001 in00003203821
006 m d f
007 cr bn mmmapmmp
008 100322s1980 dcu o f000 0 eng d
005 20260511193038.1
035 |a cis2007492542 
040 |a UMI  |c UMI  |d UtOrBLW 
043 |a n-us--- 
074 |a 1045 
086 0 |a Y 4.P 96/10:96-H 38 
099 |a HRG-1980-PWO-0005 
110 1 |a United States.  |b Congress.  |b Senate.  |b Committee on Environment and Public Works. 
245 1 0 |a Public buildings act of 1979 :  |b hearings before the Committee on Environment and Public Works, United States Senate, Ninety-sixth Congress, second session, on S. 2080 ... January 29 and February 1, 1980. 
264 1 |a Washington :  |b U.S. Govt. Print. Off,  |c 1980. 
300 |a 1 online resource. 
336 |a text  |b txt  |2 rdacontent 
337 |a computer  |b c  |2 rdamedia 
338 |a online resource  |b cr  |2 rdacarrier 
490 0 |a Serial - Senate, Committee on Environment and Public Works ;  |v no. 96-H 38 
500 |a Record is based on bibliographic data in ProQuest Congressional Hearings Digital Collection. Reuse except for individual research requires license from ProQuest, LLC. 
538 |a System requirements: PDF reader software. 
500 |a Electronic resource. 
610 1 0 |a United States.  |b General Services Administration. 
650 0 |a Public buildings  |z United States. 
655 7 |a Electronic books.  |2 local 
710 2 |a ProQuest (Firm) 
776 0 8 |i Print version:   |a United States. Congress. Senate. Committee on Environment and Public Works.  |t Public buildings act of 1979  |w (OCoLC)06341535  |w gp 80017434 
776 0 8 |i Microfiche version:   |a United States. Congress. Senate. Committee on Environment and Public Works.  |t Public buildings act of 1979.  |d [Bethesda, Md.] : ProQuest,[2004]  |o CIS 80 S321-21  |w (ProQuest)cis08002473 
830 0 |a U.S. Congressional Hearings. 
856 4 0 |u http://proxy.library.tamu.edu/login?url=https://congressional.proquest.com/congcomp/getdoc?HEARING-ID=HRG-1980-PWO-0005  |z Connect to the full text of this electronic book  |t 0 
998 |a cis08002473 
999 |a MARS 
999 f f |s 803e0837-87a8-33e2-89d0-d0f28ed6194d  |i 749e0283-3c9b-3412-a9c1-ad3a6e4ea464  |t 0 
952 f f |a Texas A&M University  |b College Station  |c Electronic Resources  |s www_evans  |d Available Online  |t 0  |e HRG-1980-PWO-0005  |h Other scheme 
998 f f |a HRG-1980-PWO-0005  |t 0  |l Available Online